[Event "Foment Martinenc op-B 15th"]
[Site "Barcelona"]
[Date "2013.06.15"]
[Round "9"]
[White "Urgel Yvorra, Marc"]
[Black "Esteban Bruguera, German"]
[Result "1/2-1/2"]
[WhiteElo "1803"]
[BlackElo "1983"]
[PlyCount "57"]
[EventDate "2013.04.20"]
[EventType "swiss"]
[EventRounds "9"]
[EventCountry "ESP"]
[SourceTitle "CBM 154 Extra"]
[Source "ChessBase"]
[SourceDate "2013.06.25"]
[SourceVersion "2"]
[SourceVersionDate "2013.06.25"]
[SourceQuality "1"]

1. e4 e6 2. d3 c5 3. Nd2 Nc6 4. g3 g6 5. Bg2 Bg7 6. c3 Nge7 7. f4 0-0 8. Ngf3 d5 9. 0-0 b6 10. Rf2 Ba6 11. Bf1 Qc8 12. a3 Rb8 13. g4 d4 14. e5 dxc3 15. bxc3 Nd5 16. Ne4 Qc7 17. c4 Nde7 18. Qa4 Bb7 19. Bb2 Nc8 20. Rd1 Na5 21. Qc2 Bc6 22. Nc3 Qb7 23. Bg2 a6 24. Ne4 Qd7 25. Nc3 Rd8 26. Ng5 Bxg2 27. Kxg2 Nc6 28. Nf3 Qb7 29. Ne4 1/2-1/2

[Event "Foment Martinenc op-B 15th"]
[Site "Barcelona"]
[Date "2013.04.27"]
[Round "2"]
[White "Trullas Tugues, Ivan"]
[Black "Urgel Yvorra, Marc"]
[Result "0-1"]
[WhiteElo "1585"]
[BlackElo "1803"]
[PlyCount "68"]
[EventDate "2013.04.20"]
[EventType "swiss"]
[EventRounds "9"]
[EventCountry "ESP"]
[SourceTitle "CBM 154 Extra"]
[Source "ChessBase"]
[SourceDate "2013.06.25"]
[SourceVersion "2"]
[SourceVersionDate "2013.06.25"]
[SourceQuality "1"]

1. e4 c5 2. c3 Nf6 3. e5 Nd5 4. d4 cxd4 5. Nf3 e6 6. cxd4 d6 7. Bc4 Nb6 8. Bb5+ Bd7 9. Bxd7+ N8xd7 10. 0-0 dxe5 11. dxe5 Qc7 12. Re1 Be7 13. Nc3 a6 14. Bf4 Rc8 15. Rc1 Qb8 16. h3 0-0 17. Re2 Rfd8 18. Qe1 Nc5 19. Ne4 Nd3 20. Rxc8 Qxc8 21. Qd2 Nc4 22. Qc3 Nxf4 23. Rc2 b5 24. g3 Rd3 25. Qe1 Qd8 26. Ned2 Bb4 27. gxf4 Nxd2 28. Nxd2 Rxd2 29. Qe4 Rxc2 30. Qxc2 g6 31. Kg2 Qd5+ 32. Kh2 Qf3 33. Qc8+ Kg7 34. Qxa6 Qxf2+ 0-1

[Event "Foment Martinenc op-B 15th"]
[Site "Barcelona"]
[Date "2013.04.20"]
[Round "1"]
[White "Urgel Yvorra, Marc"]
[Black "Gomez Albamonte, Sonia"]
[Result "1-0"]
[WhiteElo "1803"]
[BlackElo "1764"]
[PlyCount "103"]
[EventDate "2013.04.20"]
[EventType "swiss"]
[EventRounds "9"]
[EventCountry "ESP"]
[SourceTitle "CBM 154 Extra"]
[Source "ChessBase"]
[SourceDate "2013.06.25"]
[SourceVersion "2"]
[SourceVersionDate "2013.06.25"]
[SourceQuality "1"]

1. e4 c5 2. Nf3 d6 3. c4 Bg4 4. Be2 e5 5. d3 h6 6. Nc3 Nf6 7. 0-0 Be7 8. a3 0-0 9. b4 b6 10. h3 Be6 11. Nh2 Nc6 12. b5 Nd4 13. f4 Nxe2+ 14. Qxe2 exf4 15. Bxf4 Nd7 16. Rae1 Bf6 17. Nd1 Ne5 18. Nf3 Nxf3+ 19. Qxf3 Bg5 20. Bh2 Rc8 21. Ne3 Rc7 22. Re2 f6 23. Nf5 Bxf5 24. Qxf5 Kh8 25. Bg3 h5 26. h4 Bh6 27. Qf3 g6 28. a4 Rcf7 29. Rfe1 Kh7 30. Bf2 Qd7 31. Be3 Bg7 32. Qg3 Rd8 33. Ra2 f5 34. Bg5 Rdf8 35. Rae2 f4 36. Qf3 Bd4+ 37. Kh1 Bc3 38. Rf1 Be5 39. Ref2 Qc8 40. Qe2 Qg4 41. Qf3 Kg8 42. Ra2 Ra8 43. a5 bxa5 44. Rxa5 Rb8 45. Ra2 Kh7 46. Kg1 Bf6 47. Qxg4 hxg4 48. Rxf4 Kg7 49. Bxf6+ Rxf6 50. Rxa7+ Rf7 51. Rfxf7+ Kh6 52. Rh7# 1-0

[Event "Barcelona Ateneu Colon 3rd op"]
[Site "Barcelona"]
[Date "2008.05.06"]
[Round "5.3"]
[White "Munoz Pantoja, Miguel Angel"]
[Black "Urgel Yvorra, Marc"]
[Result "1-0"]
[WhiteElo "2478"]
[BlackElo "1781"]
[PlyCount "91"]
[EventDate "2008.04.08"]
[EventType "swiss"]
[EventRounds "9"]
[EventCountry "ESP"]
[SourceTitle "EXT 2024"]
[Source "ChessBase"]
[SourceDate "2023.10.10"]
[SourceVersion "1"]
[SourceVersionDate "2023.10.10"]
[SourceQuality "1"]

1. e4 e5 2. d4 exd4 3. Qxd4 Nc6 4. Qe3 Nf6 5. Bd2 Bb4 6. Nc3 0-0 7. 0-0-0 Re8 8. Qg3 Rxe4 9. Bg5 Bxc3 10. Qxc3 d6 11. Ne2 Bd7 12. Ng3 Re8 13. Bxf6 Qxf6 14. Qxf6 gxf6 15. Nh5 Re7 16. Nxf6+ Kg7 17. Nd5 Re5 18. f4 Re4 19. Bd3 Rd4 20. Nxc7 Rc8 21. Nb5 Rxf4 22. Nxd6 Rc7 23. Rhf1 Rxf1 24. Rxf1 Ne5 25. Kd2 Bc6 26. Rf5 Nxd3 27. cxd3 Kg6 28. g4 Rd7 29. Nc4 Kg7 30. Ne5 Re7 31. Nxc6 bxc6 32. Rc5 Re6 33. Ra5 Re7 34. Ra6 Rc7 35. b4 Kf8 36. Kc3 Ke7 37. Kc4 Kd7 38. Kc5 f6 39. d4 h6 40. h3 h5 41. a3 hxg4 42. hxg4 Ke6 43. Rxc6+ Rxc6+ 44. Kxc6 a6 45. d5+ Ke5 46. d6 1-0